000 00331nam a22001217a 4500
040 _cHS
082 _a597
100 _aហុក សែនសម្ភា
245 _aឌីណាមិចប្រជាករហ្វូងត្រី
260 _aRUA
_bហុក សែនសម្ភា
_c2012
300 _a39p;
942 _cKB
999 _c9890
_d9890